[Event "Reykjavik op"]
[Site "Reykjavik"]
[Date "2023.04.03"]
[Round "8"]
[White "Murphy, Hugh W"]
[Black "O'Gorman, Tom"]
[Result "0-1"]
[WhiteElo "2100"]
[BlackElo "2357"]
[PlyCount "44"]
[EventDate "2023.03.29"]
[EventType "swiss"]
[EventRounds "9"]
[EventCountry "ISL"]
[SourceTitle "EXT 2024"]
[Source "ChessBase"]
[SourceDate "2023.10.10"]
[SourceVersion "1"]
[SourceVersionDate "2023.10.10"]
[SourceQuality "1"]

1. e4 e5 2. f4 d5 3. exd5 exf4 4. Qf3 Nf6 5. Nc3 Bd6 6. Bb5+ c6 7. dxc6 0-0 8. cxb7 Qe7+ 9. Qe2 Qxb7 10. Nf3 a6 11. Ba4 Nc6 12. 0-0 Qb6+ 13. Kh1 Bb7 14. Qf2 Qa5 15. Bb3 Ne7 16. d4 Qh5 17. Ne5 Bxe5 18. dxe5 f3 19. gxf3 Ng4 20. Qg2 Nxe5 21. Ne4 N7g6 22. Qg3 Nxf3 0-1

[Event "Reykjavik op"]
[Site "Reykjavik"]
[Date "2023.04.01"]
[Round "6"]
[White "Murphy, Hugh W"]
[Black "Frost, Niklas"]
[Result "1-0"]
[WhiteElo "2100"]
[BlackElo "1774"]
[PlyCount "79"]
[EventDate "2023.03.29"]
[EventType "swiss"]
[EventRounds "9"]
[EventCountry "ISL"]
[SourceTitle "CBM 213 Extra"]
[Source "ChessBase"]
[SourceDate "2023.05.31"]
[SourceVersion "1"]
[SourceVersionDate "2023.05.31"]
[SourceQuality "1"]

1. d4 d5 2. Nf3 e6 3. e3 Nf6 4. Bd3 c5 5. b3 Nc6 6. Bb2 a6 7. 0-0 Bd6 8. Nbd2 cxd4 9. exd4 b5 10. a3 Rb8 11. Qe2 Qb6 12. Rfe1 0-0 13. Nf1 b4 14. a4 Re8 15. Ng3 Ne7 16. Ne5 Nf5 17. Rad1 Nxg3 18. hxg3 Bb7 19. Kh2 Bxe5 20. dxe5 Ne4 21. f3 Nc3 22. Bxc3 bxc3 23. g4 a5 24. g5 Qb4 25. Kg3 f5 26. gxf6 gxf6 27. Rh1 f5 28. Rh4 Qc5 29. Qf2 Qxf2+ 30. Kxf2 Re7 31. g4 fxg4 32. Rg1 Rg7 33. Rhxg4 Rxg4 34. Rxg4+ Kf7 35. Bxh7 Ba6 36. Ke3 Bf1 37. Bg6+ Kf8 38. Bd3 Bh3 39. Rh4 Bf5 40. Rh8+ 1-0

[Event "Benalmadena Rapid op 1st"]
[Site "Benalmadena"]
[Date "2023.02.25"]
[Round "2"]
[White "Murphy, Hugh W"]
[Black "Kuzubov, Yuriy"]
[Result "0-1"]
[WhiteElo "2111"]
[BlackElo "2618"]
[PlyCount "70"]
[EventDate "2023.02.25"]
[EventType "swiss (rapid)"]
[EventRounds "9"]
[EventCountry "ESP"]
[SourceTitle "CBM 212 Extra"]
[Source "ChessBase"]
[SourceDate "2023.03.31"]
[SourceVersion "1"]
[SourceVersionDate "2023.03.31"]
[SourceQuality "1"]

1. d4 Nf6 2. Nf3 d5 3. e3 Bf5 4. c4 c6 5. cxd5 cxd5 6. Qb3 Qc7 7. Bd2 Nc6 8. Bb5 e6 9. Bb4 Bxb4+ 10. Qxb4 Nd7 11. Bxc6 Qxc6 12. 0-0 a5 13. Qd2 0-0 14. Rc1 Qb6 15. Nc3 Rfc8 16. b3 Qb4 17. Qb2 Nb6 18. a3 Qe7 19. Nd2 Bd3 20. Nf3 f6 21. Qd2 Bg6 22. Nb5 Rc6 23. Rc3 a4 24. Rac1 axb3 25. Rxb3 Nc4 26. Qb4 Qxb4 27. axb4 Nd6 28. Nc3 Nb5 29. h3 Rac8 30. Nxb5 Rxc1+ 31. Kh2 Rb1 32. Rxb1 Bxb1 33. Nd2 Bd3 34. Nd6 Rc7 35. Nb3 b6 0-1

[Event "BCF-chT2b 1920 (4NCL)"]
[Site "Daventry"]
[Date "2020.01.12"]
[Round "4.62"]
[White "Murphy, Hugh W"]
[Black "Yoon, Jacob D"]
[Result "1-0"]
[WhiteElo "2121"]
[BlackElo "2091"]
[PlyCount "81"]
[EventDate "2020.01.11"]
[EventType "team-tourn"]
[EventRounds "11"]
[EventCountry "ENG"]
[SourceTitle "CBM 194 Extra"]
[Source "ChessBase"]
[SourceDate "2020.03.31"]
[SourceVersion "1"]
[SourceVersionDate "2020.03.31"]
[SourceQuality "1"]
[WhiteTeam "Grantham Sharks II"]
[BlackTeam "KJCA Kings"]
[WhiteTeamCountry "ENG"]
[BlackTeamCountry "ENG"]

1. d4 d5 2. Nf3 e6 3. e3 c6 4. Ne5 Nd7 5. f4 Bd6 6. Bd3 Ngf6 7. Nd2 Qc7 8. g4 Nf8 9. g5 N6d7 10. Qh5 Nxe5 11. fxe5 Bxe5 12. dxe5 Qxe5 13. Nf3 Qc7 14. Bd2 e5 15. e4 Be6 16. Qh4 0-0-0 17. Qf2 d4 18. Qe2 Nd7 19. Bc4 Rhe8 20. Bxe6 Rxe6 21. 0-0 Qb6 22. Kh1 Qxb2 23. Ba5 Rde8 24. a4 Nc5 25. Qc4 d3 26. Qxc5 dxc2 27. Qxa7 c5 28. Rac1 Rc6 29. Nd2 f6 30. Nc4 Qb3 31. Nb6+ Kc7 32. Nd5+ Kc8 33. Bb6 Rxb6 34. Qxb6 Qxb6 35. Nxb6+ Kc7 36. Nd5+ Kd6 37. gxf6 gxf6 38. Rxf6+ Kd7 39. Rxc2 Rg8 40. Rcf2 Rg6 41. Rxg6 1-0

[Event "BCF-chT2b 1819 (4NCL)"]
[Site "England"]
[Date "2019.03.16"]
[Round "7.83"]
[White "Murphy, Hugh W"]
[Black "Miller, Dominic"]
[Result "1/2-1/2"]
[WhiteElo "2101"]
[BlackElo "2177"]
[PlyCount "87"]
[EventDate "2018.11.10"]
[EventType "team-tourn"]
[EventRounds "11"]
[EventCountry "ENG"]
[SourceTitle "EXT 2021"]
[Source "ChessBase"]
[SourceDate "2020.10.23"]
[SourceVersion "1"]
[SourceVersionDate "2020.10.23"]
[SourceQuality "1"]
[WhiteTeam "Grantham Sharks II"]
[BlackTeam "Sussex Martlets"]
[WhiteTeamCountry "ENG"]
[BlackTeamCountry "ENG"]

1. e4 e6 2. Nf3 d5 3. e5 c5 4. b4 cxb4 5. d4 Nc6 6. a3 Bd7 7. axb4 Bxb4+ 8. c3 Be7 9. Bd3 a6 10. 0-0 Rc8 11. Re1 Na5 12. h4 h6 13. h5 Nc4 14. Bc2 Bc6 15. Nfd2 Bg5 16. Qg4 Bxd2 17. Nxd2 Qg5 18. Qd1 Qh4 19. Bd3 Bb5 20. g3 Qd8 21. Nb3 Ne7 22. Nc5 Qb6 23. Qg4 Kf8 24. Rb1 Qc6 25. Bxc4 dxc4 26. Ba3 Kg8 27. Ne4 Nd5 28. Re3 Rc7 29. Rf3 Ba4 30. Rc1 a5 31. Nd6 Nb6 32. Bc5 Nc8 33. Ne4 Kh7 34. Bd6 Nxd6 35. exd6 Rd7 36. Nc5 Rf8 37. Nxd7 Qxd7 38. d5 exd5 39. Qf4 Bc6 40. Re1 d4 41. Re7 Qh3 42. Rxf7 Rxf7 43. Qxf7 Bxf3 44. Qg6+ 1/2-1/2

[Event "London Kings Place Rapid op 6th"]
[Site "London"]
[Date "2018.07.07"]
[Round "5"]
[White "McShane, Luke J"]
[Black "Murphy, Hugh W"]
[Result "1-0"]
[WhiteElo "2669"]
[BlackElo "2119"]
[PlyCount "31"]
[EventDate "2018.07.07"]
[EventType "swiss (rapid)"]
[EventRounds "6"]
[EventCountry "ENG"]
[SourceTitle "EXT 2019"]
[Source "ChessBase"]
[SourceDate "2018.10.10"]
[SourceVersion "1"]
[SourceVersionDate "2018.10.10"]
[SourceQuality "1"]

1. e4 c6 2. Nf3 d5 3. Nc3 a6 4. d4 Bg4 5. h3 Bh5 6. exd5 cxd5 7. g4 Bg6 8. h4 h6 9. Ne5 Bh7 10. Qf3 Nf6 11. g5 hxg5 12. hxg5 Be4 13. Nxe4 Rxh1 14. gxf6 Rxf1+ 15. Kxf1 dxe4 16. Qb3 1-0

[Event "BCF-chT1b 1516 (4NCL)"]
[Site "England"]
[Date "2016.02.13"]
[Round "5.166"]
[White "Murphy, Hugh W"]
[Black "Ledger, Dave J"]
[Result "0-1"]
[WhiteElo "2140"]
[BlackElo "2226"]
[PlyCount "114"]
[EventDate "2015.11.14"]
[EventType "team-swiss"]
[EventRounds "11"]
[EventCountry "ENG"]
[SourceTitle "CBM 170 Extra"]
[Source "ChessBase"]
[SourceDate "2016.02.25"]
[SourceVersion "1"]
[SourceVersionDate "2016.02.25"]
[SourceQuality "1"]
[WhiteTeam "Grantham Sharks"]
[BlackTeam "Blackthorne Russia"]
[WhiteTeamCountry "ENG"]
[BlackTeamCountry "ENG"]

1. d4 Nf6 2. Nf3 g6 3. Nbd2 Bg7 4. e4 d6 5. c3 0-0 6. Be2 e5 7. 0-0 Nc6 8. dxe5 dxe5 9. Qc2 Nh5 10. g3 Qe7 11. Nc4 Nd8 12. b3 f5 13. Ba3 c5 14. Rad1 b6 15. Nd6 f4 16. Nxc8 Rxc8 17. Qd3 Nf6 18. Qc4+ Kh8 19. Bc1 Nf7 20. Qa4 g5 21. h3 h5 22. Nh2 Nd6 23. Bf3 b5 24. Qa6 Ndxe4 25. Rde1 Nxc3 26. gxf4 gxf4 27. Bxf4 Nfd5 28. Bd2 e4 29. Qg6 Qe8 30. Qg5 b4 31. Bxh5 Qe5 32. Qh4 Bf6 33. Ng4 Rg8 34. Kh1 Bxh4 35. Nxe5 Bf6 36. Nf7+ Kh7 37. Nd6 Rcd8 38. Nxe4 Nxe4 39. Rxe4 Nc3 40. Re6 Rxd2 41. Rxf6 Rxa2 42. Re1 Rg7 43. Ree6 Rc7 44. Rh6+ Kg8 45. Re8+ Kg7 46. Reh8 Nd5 47. Bf3 Nf6 48. Be4 Re7 49. f3 c4 50. bxc4 b3 51. Rh4 b2 52. Rb8 Nxe4 53. Rg4+ Kf7 54. fxe4 Re6 55. c5 Rb6 56. Rxb6 axb6 57. Rg1 Ra1 0-1

[Event "London Classic op 7th"]
[Site "London"]
[Date "2015.12.11"]
[Round "9"]
[White "Milliet, Sophie"]
[Black "Murphy, Hugh W"]
[Result "1-0"]
[WhiteElo "2362"]
[BlackElo "2168"]
[PlyCount "37"]
[EventDate "2015.12.04"]
[EventType "swiss"]
[EventRounds "9"]
[EventCountry "ENG"]
[SourceTitle "CBM 169 Extra"]
[Source "ChessBase"]
[SourceDate "2015.12.18"]
[SourceVersion "1"]
[SourceVersionDate "2015.12.18"]
[SourceQuality "1"]

1. e4 c6 2. d4 d5 3. Nc3 dxe4 4. Nxe4 Bf5 5. Ng3 Bg6 6. Nh3 e6 7. Bc4 Bd6 8. 0-0 Nd7 9. Nf4 Qh4 10. Qf3 Ngf6 11. Bxe6 fxe6 12. Nxe6 Be4 13. Qb3 Ng4 14. h3 Nxf2 15. Nxg7+ Kd8 16. Bg5+ Qxg5 17. Ne6+ Kc8 18. Nxg5 Bd5 19. c4 1-0